| 000 | 00660nam a2200193 4500 | ||
|---|---|---|---|
| 003 | OSt | ||
| 005 | 20240620054614.0 | ||
| 006 | a | ||
| 008 | 240620b |||||||| |||| 00| 0 eng d | ||
| 020 | _a9711181169 | ||
| 040 |
_aDWCL-Main lib. _cOC |
||
| 082 | _aFil. 899.2113 K14m 1992 | ||
| 245 | _aKalahating siglo sa talambuhay ng kamalayan : ang 25 pinakamabuting maikling kathang Pilipino ng 1943 / | ||
| 260 |
_aManila : _bDe La Salle University Press, _c1992. |
||
| 300 |
_alxxxviii, _b288 p. ; _c19 cm. |
||
| 504 | _aOriginally published: Manila : Philippine Publications, 1944. | ||
| 650 | _a1. Short stories–Tagalog. | ||
| 942 |
_2ddc _n0 _cBK - FIL _kFil. |
||
| 999 |
_c978 _d978 |
||